Obras del venerable P. Maestro Fr. Luis de Granada de la Orden de santo Domingo, ...

Detalles Bibliográficos
Autor principal: GRANADA, Luis de ( Fray )
Formato: Libro
Publicado: Madrid 1771
Materias:
Colección:Banco de datos
Acervo:Biblioteca del Ex Convento de Nuestra Señora de Guadalupe. Zacatecas
Descripción Física:t. VIII
Tema general:Literatura
Notas:Buena. VII,1,2 (5241)
LEADER 00732nam a22002050004500
035 |a 43705 
036 |a 4889 
100 1 |a GRANADA, Luis de ( Fray ) 
245 1 0 |a Obras del venerable P. Maestro Fr. Luis de Granada de la Orden de santo Domingo, ... 
260 |a Madrid  |b ed. e imp. Manuel Martín  |c 1771 
300 |a t. VIII 
500 |a Buena. VII,1,2 (5241) 
650 1 0 |a Literatura 
949 |a CRZ-CG 
959 |a Ex convento de Nuestra Señora de Guadalupe, Museo Regional de Zacatecas, Zacatecas  |b CCC4 
960 |a Convento de Nuestra Señora de Guadalupe, Zacatecas  |b DD87 
961 |a Franciscana  |b OF 
942 |c CRZ-CG 
943 |g Biblioteca del Ex Convento de Nuestra Señora de Guadalupe. Zacatecas 
999 |c 967832  |d 967832